[Event "International Championship of Central Se"]
[Site "Paracin, hotel "]
[Date "2016.07.12"]
[Round "6.1"]
[White "Gajin, Nikola"]
[Black "Maksimovic, Masa"]
[Result "0-1"]
[WhiteElo "2069"]
[BlackElo "1854"]
[PlyCount "92"]
[EventDate "2016.07.07"]

1. c4 e5 2. Nc3 Bb4 3. g3 Nf6 4. Bg2 O-O 5. d3 Bxc3+ 6. bxc3 Re8 7. Rb1 Nc6 8.
Qa4 e4 9. d4 d6 10. Bg5 h6 11. Bxf6 Qxf6 12. d5 Qxc3+ 13. Kf1 Qa5 14. Qc2 Nd4
15. Qb2 Nf5 16. e3 c6 17. Rd1 cxd5 18. Rxd5 Qa6 19. Qb5 Be6 20. Bxe4 Qxb5 21.
cxb5 Bxd5 22. Bxd5 Rab8 23. Nf3 Rec8 24. Be4 Ne7 25. Kg2 d5 26. Bd3 Rc3 27. Rd1
Rbc8 28. Nd4 Ng6 29. f4 Nf8 30. Rd2 Ne6 31. Nf5 R8c7 32. Kf3 Rd7 33. Bb1 Kf8
34. Ke2 h5 35. e4 d4 36. e5 f6 37. Nd6 fxe5 38. fxe5 Rc5 39. Kd1 Rxe5 40. Rf2+
Kg8 41. Nc8 Rxb5 42. Bf5 Re5 43. Nxa7 Rf7 44. Bh7+ Kf8 45. Rd2 Rf1+ 46. Kc2 Ra5
0-1

[Event "International Championship of Central Se"]
[Site "Paracin, hotel "]
[Date "2016.07.12"]
[Round "6.2"]
[White "Ostojic, Nikola M"]
[Black "Mihov, Filip"]
[Result "1/2-1/2"]
[WhiteElo "2050"]
[BlackElo "1964"]
[PlyCount "136"]
[EventDate "2016.07.07"]

1. d4 Nf6 2. c4 c5 3. Nf3 cxd4 4. Nxd4 Nc6 5. Nc3 g6 6. e3 Bg7 7. Be2 O-O 8.
O-O d6 9. b3 d5 10. Nxc6 bxc6 11. Bb2 Ba6 12. Na4 Nd7 13. Bxg7 Kxg7 14. Rc1 Qa5
15. cxd5 Bxe2 16. Qxe2 cxd5 17. Qb2+ Kg8 18. Qc3 Qxc3 19. Rxc3 Rfc8 20. Rfc1
Rxc3 21. Rxc3 Nb6 22. Nb2 Rd8 23. Kf1 d4 24. Rd3 Rc8 25. Rxd4 Rc2 26. Na4 Rxa2
27. Nxb6 axb6 28. Rd8+ Kg7 29. Rb8 Kf6 30. Rxb6+ Ke5 31. g3 h5 32. h4 Rb2 33.
Kg2 Kd5 34. Kf3 Rc2 35. Rb7 Kd6 36. b4 Rb2 37. Rb8 Kd7 38. b5 Kc7 39. Rf8 Rxb5
40. Rxf7 Kd7 41. Rf8 Ke6 42. Kf4 Ra5 43. e4 Rb5 44. Rg8 Kf7 45. Rd8 Rb3 46. Rd2
Kf6 47. e5+ Kf7 48. Re2 Rb4+ 49. Re4 Rb6 50. f3 Rb3 51. Re3 Rb1 52. Re4 Rf1 53.
Re3 Rb1 54. g4 Rh1 55. Kg5 Rg1 56. Re4 hxg4 57. fxg4 Kg7 58. Re3 Rh1 59. e6 Rf1
60. Re4 Ra1 61. Re5 Rf1 62. Re3 Rf2 63. Re1 Ra2 64. Kf4 Rh2 65. Kg3 Ra2 66. g5
Ra6 67. Re4 Rb6 68. Kf4 Rb5 1/2-1/2

[Event "International Championship of Central Se"]
[Site "Paracin, hotel "]
[Date "2016.07.12"]
[Round "6.3"]
[White "Jakovljevic, Dejan"]
[Black "Bojicic, Andjela"]
[Result "1/2-1/2"]
[WhiteElo "2016"]
[BlackElo "2038"]
[PlyCount "40"]
[EventDate "2016.07.07"]

1. e4 c5 2. Nc3 d6 3. g3 Nc6 4. Bg2 g6 5. d3 Bg7 6. Be3 Rb8 7. Qd2 Nf6 8. h3
O-O 9. Bh6 Bxh6 10. Qxh6 Nd4 11. Qd2 b5 12. Nge2 b4 13. Nd1 e5 14. O-O d5 15.
Nxd4 cxd4 16. f4 dxe4 17. dxe4 Ba6 18. Re1 Qe7 19. Nf2 Nh5 20. Kh2 Rfc8 1/2-1/2

[Event "International Championship of Central Se"]
[Site "Paracin, hotel "]
[Date "2016.07.12"]
[Round "6.4"]
[White "Trifunovic, Borisav"]
[Black "Arandjelovic, Aleksandar Z"]
[Result "1-0"]
[WhiteElo "2023"]
[BlackElo "2073"]
[PlyCount "110"]
[EventDate "2016.07.07"]

1. d4 f5 2. Nc3 Nf6 3. Bg5 d5 4. Bxf6 exf6 5. e3 c6 6. a3 Bd6 7. g3 O-O 8. Bd3
b5 9. Qf3 f4 10. Nxb5 fxe3 11. fxe3 cxb5 12. Qxd5+ Rf7 13. Bxh7+ Kf8 14. Qh5
Ke7 15. Be4 Nc6 16. Bxc6 Rb8 17. Ne2 Qc7 18. Bd5 Rf8 19. c3 Kd8 20. O-O Qe7 21.
e4 Bb7 22. Nf4 Bxf4 23. gxf4 g6 24. Qf3 Bc8 25. Qg3 Rb6 26. Rae1 Rh8 27. f5 Rh5
28. Rf4 g5 29. Rg4 Qh7 30. h4 Rxh4 31. Rxh4 Qxh4 32. Qxh4 gxh4 33. Kh2 Rd6 34.
Bb3 a5 35. Kh3 Bd7 36. Kxh4 b4 37. axb4 axb4 38. Kg4 bxc3 39. bxc3 Rb6 40. Bd5
Ke7 41. Kf4 Rb2 42. Re3 Kd6 43. Bc4 Rf2+ 44. Rf3 Rh2 45. Bd3 Rh4+ 46. Ke3 Bc6
47. c4 Ba4 48. c5+ Ke7 49. Rg3 Rh7 50. d5 Kd7 51. Kd4 Ke7 52. Bc4 Bc2 53. Rc3
Rh2 54. d6+ Kd8 55. c6 Rd2+ 1-0

[Event "International Championship of Central Se"]
[Site "Paracin, hotel "]
[Date "2016.07.12"]
[Round "6.5"]
[White "Hasman, Cengiz"]
[Black "Krstic, Milos"]
[Result "1-0"]
[WhiteElo "2072"]
[BlackElo "1966"]
[PlyCount "99"]
[EventDate "2016.07.07"]

1. d4 d5 2. Nf3 Nf6 3. g3 Bf5 4. Bg2 e6 5. O-O Bd6 6. c4 c6 7. Nc3 O-O 8. Nh4
Bg6 9. Nxg6 hxg6 10. e4 dxe4 11. Nxe4 Be7 12. Be3 Nbd7 13. Nc3 Rc8 14. h3 a6
15. Qa4 Qb6 16. Rab1 Qb4 17. Qxb4 Bxb4 18. Rfc1 Rfd8 19. a3 Bd6 20. b4 e5 21.
d5 cxd5 22. Nxd5 e4 23. Nb6 Nxb6 24. Bxb6 Re8 25. c5 Bf8 26. Re1 Re6 27. Rbd1
Rce8 28. Re3 g5 29. g4 g6 30. Rd8 Rxd8 31. Bxd8 Be7 32. Bxe7 Rxe7 33. f3 Re5
34. fxe4 Kf8 35. Rd3 Ke7 36. Rd4 Nd7 37. Rd5 Ke6 38. Rd4 Ke7 39. Kf2 a5 40. Bf1
axb4 41. axb4 Nb8 42. Bb5 b6 43. c6 Rxb5 44. c7 Nc6 45. c8=Q Nxd4 46. Qc4 f5
47. Qxd4 fxg4 48. Qg7+ Kd8 49. hxg4 Kc8 50. Ke3 1-0

[Event "International Championship of Central Se"]
[Site "Paracin, hotel "]
[Date "2016.07.12"]
[Round "6.6"]
[White "Stojkovic, Zoran"]
[Black "Brkic, Toma"]
[Result "0-1"]
[WhiteElo "1952"]
[BlackElo "2069"]
[PlyCount "118"]
[EventDate "2016.07.07"]

1. e4 c5 2. c3 e6 3. d4 Qc7 4. Nf3 b6 5. Na3 a6 6. Nc4 b5 7. Nce5 d6 8. Nd3 Bb7
9. Qe2 Be7 10. Bf4 Nf6 11. e5 Nd5 12. exd6 Bxd6 13. Bxd6 Qxd6 14. Nxc5 Bc8 15.
g3 Nd7 16. Ne4 Qc7 17. Bg2 O-O 18. O-O Bb7 19. Rfc1 Rac8 20. a4 Qb6 21. axb5
axb5 22. Nfd2 Ne7 23. Nb3 Rfd8 24. Ra5 Bc6 25. Rca1 Ra8 26. Rxa8 Rxa8 27. Rxa8+
Bxa8 28. Nec5 Bxg2 29. Kxg2 Nf6 30. Qf3 Nfd5 31. Nd7 Qd6 32. Nbc5 Nf5 33. b3 f6
34. Kf1 b4 35. c4 Nxd4 36. Qe4 Nc7 37. Qb7 Nc6 38. Kg2 Kf7 39. Nb6 Nd8 40. Qb8
Qxc5 41. Na4 Qc6+ 42. f3 Nb7 43. Nb2 Na6 44. Qf4 Nbc5 45. Qe3 g5 46. h3 h5 47.
g4 h4 48. Nd1 Qd6 49. Qe1 Qg3+ 50. Qxg3 hxg3 51. Kxg3 Nxb3 52. h4 gxh4+ 53.
Kxh4 Nd2 54. Kg3 Nxc4 55. Kf4 b3 56. Nc3 Na3 57. Ke4 b2 58. f4 Nc5+ 59. Kd4 Na4
0-1

[Event "International Championship of Central Se"]
[Site "Paracin, hotel "]
[Date "2016.07.12"]
[Round "6.7"]
[White "Kracunov, Bozidar"]
[Black "Rajic, Momcilo"]
[Result "0-1"]
[WhiteElo "2069"]
[BlackElo "1937"]
[PlyCount "124"]
[EventDate "2016.07.07"]

1. d4 Nf6 2. c4 d5 3. cxd5 Nxd5 4. e4 Nb6 5. Nc3 e6 6. Be3 Nc6 7. Nf3 Be7 8.
Bd3 Nb4 9. Be2 O-O 10. a3 Nc6 11. b4 a6 12. O-O g6 13. h3 Bf6 14. e5 Bg7 15.
Ne4 Nd5 16. Bg5 f6 17. exf6 Nxf6 18. Bc4 Qe8 19. Nxf6+ Bxf6 20. Bxf6 Rxf6 21.
Re1 Qf8 22. Qb3 Qd6 23. d5 exd5 24. Bxd5+ Kg7 25. Bxc6 bxc6 26. Rad1 Qf8 27.
Qc3 Kg8 28. Re3 Be6 29. Rxe6 Rxe6 30. Qc4 Qf7 31. Rc1 h6 32. Qc5 Rd6 33. Ne5
Qd5 34. Nxc6 Qxc5 35. Rxc5 Re8 36. Rc2 Kf7 37. a4 Ree6 38. b5 axb5 39. axb5 Rd5
40. Na7 Re7 41. Nc8 Red7 42. b6 Rd1+ 43. Kh2 cxb6 44. Nxb6 R1d2 45. Rxd2 Rxd2
46. Kg3 Kf6 47. h4 Kf5 48. Nc4 Ra2 49. Ne3+ Ke4 50. Ng4 h5 51. f3+ Kf5 52. Ne3+
Ke5 53. Nc4+ Kd4 54. Nd6 Ra6 55. Ne4 Ke3 56. Ng5 Ke2 57. Kf4 Ra4+ 58. Ne4 Kf1
59. g4 Kg2 60. gxh5 gxh5 61. Kg5 Ra5+ 62. Kg6 Kh3 0-1

[Event "International Championship of Central Se"]
[Site "Paracin, hotel "]
[Date "2016.07.12"]
[Round "6.8"]
[White "Mirkovic, Dejan"]
[Black "Isak, Igor G"]
[Result "0-1"]
[WhiteElo "1824"]
[BlackElo "2064"]
[PlyCount "100"]
[EventDate "2016.07.07"]

1. d4 Nf6 2. c4 e6 3. Nf3 c5 4. e3 cxd4 5. exd4 d5 6. c5 Nc6 7. Be2 Be7 8. O-O
O-O 9. a3 a5 10. Bb5 Bd7 11. Nc3 b6 12. Bxc6 Bxc6 13. Ne5 Be8 14. cxb6 Qxb6 15.
Rb1 Rc8 16. Bf4 Nd7 17. Nf3 f6 18. Qd2 Rc6 19. Rfe1 Bg6 20. Rbc1 Rfc8 21. Nxd5
exd5 22. Rxc6 Qxc6 23. Rxe7 Be4 24. Qxa5 g5 25. Bd2 Qd6 26. Qb4 Qxb4 27. Bxb4
Rc1+ 28. Ne1 Nb6 29. f3 Bf5 30. Kf2 Nc4 31. b3 Nb2 32. Re3 Nd1+ 33. Ke2 Nxe3
34. Kxe3 Rb1 35. g4 Rxb3+ 36. Kf2 Bg6 37. Ng2 Kf7 38. Ne3 Ke6 39. Bc5 h5 40. a4
f5 41. gxf5+ Bxf5 42. a5 Rb2+ 43. Kg1 Ra2 44. Bb6 h4 45. Bc7 Bh3 46. Bb6 Re2
47. Ng4 Bxg4 48. fxg4 h3 49. a6 Rg2+ 50. Kh1 Rb2 0-1

[Event "International Championship of Central Se"]
[Site "Paracin, hotel "]
[Date "2016.07.12"]
[Round "6.9"]
[White "Tomic, Slobodan"]
[Black "Mijajlovic, Jovan"]
[Result "1/2-1/2"]
[WhiteElo "2032"]
[BlackElo "1881"]
[PlyCount "97"]
[EventDate "2016.07.07"]

1. e4 c5 2. Nc3 e6 3. d3 Be7 4. g3 h5 5. h4 a6 6. Bg2 d6 7. Be3 Nc6 8. Qd2 Bd7
9. Nge2 Nf6 10. f3 b5 11. d4 cxd4 12. Nxd4 Qc7 13. Nxc6 Bxc6 14. Qf2 d5 15.
exd5 Nxd5 16. Nxd5 Bxd5 17. O-O Rc8 18. c3 Bd6 19. f4 Bxg2 20. Kxg2 Qe7 21.
Rad1 Bc5 22. Rd3 Bxe3 23. Qxe3 Rc5 24. Rfd1 Rc8 25. Qb6 O-O 26. a3 Qf6 27. Qxa6
Qf5 28. Qb7 e5 29. fxe5 Qxe5 30. Qf3 g6 31. Re3 Qc7 32. Rde1 Rcd8 33. R1e2 Qc4
34. Qe4 Qa2 35. Qc2 Rd6 36. Rd2 Rf6 37. Qe4 Re6 38. Qf3 Rfe8 39. Rxe6 Qxe6 40.
Rf2 Re7 41. Qd3 Qc6+ 42. Qf3 Qe8 43. Kh2 Re3 44. Qf4 Re5 45. Qd4 Re1 46. Qf6
Qd7 47. Qf3 Qe8 48. Qf6 Re6 49. Qf4 1/2-1/2

[Event "International Championship of Central Se"]
[Site "Paracin, hotel "]
[Date "2016.07.12"]
[Round "6.10"]
[White "Colovic, Zoran"]
[Black "Nestorovic, Katarina"]
[Result "1-0"]
[WhiteElo "2099"]
[BlackElo "1974"]
[PlyCount "71"]
[EventDate "2016.07.07"]

1. e4 c5 2. c3 Nf6 3. e5 Nd5 4. d4 cxd4 5. Qxd4 e6 6. Nf3 Nc6 7. Qe4 f5 8. Qe2
Qc7 9. g3 d6 10. Bf4 Be7 11. Na3 dxe5 12. Nb5 Qa5 13. Nxe5 Nxf4 14. gxf4 O-O
15. Bg2 Nxe5 16. fxe5 Bd7 17. Nd4 Qb6 18. O-O-O Bg5+ 19. Kb1 Rfd8 20. h4 Bf4
21. Rhe1 Rab8 22. Qf3 Bh6 23. Qg3 Bb5 24. f4 Bc4 25. Bf1 Bd5 26. Bd3 Rbc8 27.
Bc2 Kf7 28. Rg1 g6 29. h5 Rg8 30. Qh4 Rxc3 31. Qf6+ Ke8 32. Ba4+ Bc6 33. Qxe6+
Kf8 34. Qf6+ Ke8 35. Nxc6 bxc6 36. e6 1-0

[Event "International Championship of Central Se"]
[Site "Paracin, hotel "]
[Date "2016.07.12"]
[Round "6.11"]
[White "Zlatanovic, Zoran"]
[Black "Cetkovic, Stevan"]
[Result "1-0"]
[WhiteElo "2073"]
[BlackElo "1906"]
[PlyCount "79"]
[EventDate "2016.07.07"]

1. e4 c5 2. Nf3 d6 3. d4 cxd4 4. Nxd4 Nf6 5. Nc3 a6 6. a4 e6 7. g3 Be7 8. Bg2
Qc7 9. O-O O-O 10. Qe2 Bd7 11. a5 Nc6 12. Nxc6 Bxc6 13. Be3 Nd7 14. Bd4 Rac8
15. Rfc1 Bf6 16. Rd1 Rfd8 17. Ra3 h6 18. h4 Bxd4 19. Rxd4 Nf8 20. h5 b5 21.
axb6 Qxb6 22. Rd1 Nd7 23. Rb3 Qc7 24. Ra3 Bb7 25. Bf1 Ne5 26. Rb3 f5 27. Bg2
Kh8 28. Rd4 Rf8 29. exf5 Bxg2 30. Kxg2 Rxf5 31. f4 Nc6 32. Re4 Nd8 33. Rbb4 d5
34. Re5 Rf7 35. Nxd5 Qc5 36. c3 exd5 37. Qxa6 Qc6 38. Rb6 Qc4 39. Re8+ Kh7 40.
Rxh6+ 1-0

[Event "International Championship of Central Se"]
[Site "Paracin, hotel "]
[Date "2016.07.12"]
[Round "6.12"]
[White "Radojkovic, Stefan"]
[Black "Ostojic, Milos R"]
[Result "0-1"]
[WhiteElo "1976"]
[BlackElo "2025"]
[PlyCount "98"]
[EventDate "2016.07.07"]

1. e4 c6 2. d4 d5 3. e5 Bf5 4. Bd3 Bxd3 5. Qxd3 e6 6. Nf3 Qa5+ 7. c3 Qa6 8.
Qxa6 Nxa6 9. O-O c5 10. a3 cxd4 11. cxd4 Rc8 12. Nc3 Ne7 13. Bd2 Nc6 14. b4
Nab8 15. Rfc1 Kd7 16. Na4 b5 17. Nc5+ Bxc5 18. bxc5 Na6 19. Bc3 Nc7 20. Ne1 a5
21. Nc2 Rb8 22. Rcb1 Rb7 23. Rb3 Rhb8 24. Rab1 Na6 25. a4 Nab4 26. axb5 Rxb5
27. Nxb4 Nxb4 28. Kf1 Kc6 29. Bxb4 Rxb4 30. Rxb4 axb4 31. Ke2 Kb5 32. Kd3 Ra8
33. Rb2 Ra3+ 34. Kd2 Kc4 35. Rc2+ Kxd4 36. c6 Ra8 37. c7 Rc8 38. f4 Ke4 39. g3
h6 40. Rb2 Rxc7 41. Rxb4+ d4 42. Rb8 g6 43. Rb3 g5 44. Ra3 gxf4 45. gxf4 Rc3
46. Ra7 Kxf4 47. Rxf7+ Kxe5 48. Rf2 Ra3 49. Kd1 Ra1+ 0-1

[Event "International Championship of Central Se"]
[Site "Paracin, hotel "]
[Date "2016.07.12"]
[Round "6.13"]
[White "Ivanov, Igor"]
[Black "Kostic, Marko"]
[Result "1/2-1/2"]
[WhiteElo "1815"]
[BlackElo "2016"]
[PlyCount "82"]
[EventDate "2016.07.07"]

1. c4 c5 2. Nf3 g6 3. g3 Bg7 4. Bg2 e6 5. O-O Ne7 6. d4 cxd4 7. Nxd4 Nbc6 8.
Nb5 O-O 9. N1c3 a6 10. Nd6 Qc7 11. Bf4 e5 12. Bg5 h6 13. Bxe7 Nxe7 14. b3 f5
15. Nxc8 Raxc8 16. Nd5 Nxd5 17. Qxd5+ Kh7 18. Qxb7 e4 19. Qxc7 Rxc7 20. Rad1 a5
21. Rd5 a4 22. f3 exf3 23. Bxf3 axb3 24. axb3 Rb8 25. Rd3 Bf8 26. e4 Bc5+ 27.
Kg2 fxe4 28. Bxe4 Rf8 29. Rxf8 Bxf8 30. Rf3 Bg7 31. Rd3 Be5 32. g4 Kg7 33. Rd5
d6 34. Ra5 Rf7 35. h4 Rf4 36. Bf3 h5 37. Ra7+ Kf8 38. gxh5 gxh5 39. Bxh5 Rxh4
40. Be2 Rh2+ 41. Kf3 Rh3+ 1/2-1/2

[Event "International Championship of Central Se"]
[Site "Paracin, hotel "]
[Date "2016.07.12"]
[Round "6.14"]
[White "Djuretanovic, Ivan"]
[Black "Vujcic, Milena"]
[Result "1-0"]
[WhiteElo "2011"]
[BlackElo "1906"]
[PlyCount "57"]
[EventDate "2016.07.07"]

1. d4 Nf6 2. c4 g6 3. Nc3 Bg7 4. e4 d6 5. f4 O-O 6. Bd3 c5 7. d5 e6 8. Nf3 exd5
9. cxd5 Re8 10. O-O a6 11. a4 Nbd7 12. Qc2 Qc7 13. b3 c4 14. bxc4 Qc5+ 15. Kh1
Ng4 16. h3 Ne3 17. Bxe3 Qxe3 18. e5 Nc5 19. Rad1 Qxf4 20. Rde1 dxe5 21. d6 e4
22. Nxe4 Nxe4 23. Bxe4 Qf6 24. c5 Bf5 25. Bxf5 Qxf5 26. Qxf5 gxf5 27. Nh4 Bf8
28. Nxf5 Rac8 29. d7 1-0

[Event "International Championship of Central Se"]
[Site "Paracin, hotel "]
[Date "2016.07.12"]
[Round "6.15"]
[White "Celik, Eda"]
[Black "Jankov, Saso"]
[Result "0-1"]
[WhiteElo "1745"]
[BlackElo "2007"]
[PlyCount "70"]
[EventDate "2016.07.07"]

1. e4 d6 2. d4 c6 3. Nc3 Nd7 4. Nf3 e5 5. Bc4 h6 6. a4 a5 7. O-O Ngf6 8. Re1
Be7 9. h3 O-O 10. Be3 Qc7 11. dxe5 dxe5 12. Nh4 Nc5 13. Ng6 Re8 14. Nxe7+ Qxe7
15. Qf3 Be6 16. Bxe6 Nxe6 17. Rad1 Rad8 18. Bb6 Rxd1 19. Rxd1 Ng5 20. Qe3 Ra8
21. b3 Ne6 22. f3 Nh5 23. Ne2 Ra6 24. Nc3 Nhf4 25. Rd2 Kh7 26. Ba7 Qg5 27. Kf1
f6 28. Qf2 Nxh3 29. gxh3 Rxa7 30. Rd6 Nd4 31. Ne2 c5 32. Nxd4 cxd4 33. Ke2 Ra8
34. Kd3 Rc8 35. Rd5 Rc3+ 0-1

[Event "International Championship of Central Se"]
[Site "Paracin, hotel "]
[Date "2016.07.12"]
[Round "6.16"]
[White "Djordjevic, Gradimir"]
[Black "Brankovan, Mario"]
[Result "1-0"]
[WhiteElo "2072"]
[BlackElo "1857"]
[PlyCount "113"]
[EventDate "2016.07.07"]

1. c4 c6 2. Nc3 Nf6 3. d4 d6 4. e4 Qc7 5. Bd3 e5 6. Nge2 Be7 7. O-O Bg4 8. Be3
Nbd7 9. Qd2 Bxe2 10. Bxe2 O-O 11. f4 Rfd8 12. Qc2 Rac8 13. h3 b5 14. cxb5 cxb5
15. Bxb5 Qb6 16. Qb3 exd4 17. Bxd7 Qxb3 18. axb3 Rxd7 19. Bxd4 Rb8 20. Rxa7
Rxa7 21. Bxa7 Rxb3 22. Rf2 Rb7 23. Be3 h5 24. Kf1 Rb3 25. Bc1 Bd8 26. Rf3 Rb7
27. Rd3 Ba5 28. e5 dxe5 29. fxe5 Rd7 30. Rxd7 Nxd7 31. Bf4 Nc5 32. Ke2 Kf8 33.
Nd5 Ne6 34. Be3 Ke8 35. b4 Bd8 36. Kd3 Kd7 37. Kc4 Kc6 38. b5+ Kb7 39. Nb4 g5
40. Nc6 Bc7 41. Kd5 Bb6 42. Bd2 Nc7+ 43. Kd6 Nxb5+ 44. Kd7 g4 45. Nd8+ Bxd8 46.
Kxd8 Kc6 47. Ke7 gxh3 48. gxh3 Kd5 49. Bf4 Ke4 50. Bh2 Nd4 51. Kxf7 Nf3 52. Kf6
Nd4 53. Bg3 Kf3 54. Be1 Kg2 55. h4 Kf1 56. Bd2 Ke2 57. Bg5 1-0

[Event "International Championship of Central Se"]
[Site "Paracin, hotel "]
[Date "2016.07.12"]
[Round "6.17"]
[White "Rajic, Milovan"]
[Black "Milosevic, Rade"]
[Result "0-1"]
[WhiteElo "1752"]
[BlackElo "2091"]
[PlyCount "137"]
[EventDate "2016.07.07"]

1. d4 Nf6 2. c4 e6 3. Nc3 Bb4 4. Qc2 Nc6 5. Nf3 d6 6. a3 Bxc3+ 7. Qxc3 h6 8. g3
Qe7 9. Bg2 e5 10. d5 Nb8 11. O-O O-O 12. Qc2 a5 13. e4 a4 14. h3 Nbd7 15. Be3
b6 16. Rfe1 Nc5 17. Bxc5 bxc5 18. Re3 Nh7 19. Nh4 g5 20. Nf5 Bxf5 21. exf5 Rfb8
22. Rae1 f6 23. Bf3 Kg7 24. R1e2 Qe8 25. g4 Ra6 26. Rd2 Nf8 27. Bd1 Nd7 28. f3
Nb6 29. Qe4 Qf7 30. Rc3 Rh8 31. Kg2 h5 32. Be2 Rh6 33. Rd1 Ra8 34. Rh1 Rah8 35.
Rh2 Qe8 36. Rh1 Qb8 37. Rb1 Qa7 38. Bf1 Qa5 39. Kh2 Rb8 40. Kg3 Nd7 41. Bd3
Rhh8 42. Kg2 hxg4 43. fxg4 Rxb2+ 44. Rxb2 Qxc3 45. Rb7 Rc8 46. Kg3 Qxa3 47. h4
Qc1 48. hxg5 Qxg5 49. Ra7 Nb6 50. Bc2 Qd2 51. Kf3 Qc3+ 52. Bd3 Qc1 53. Kf2 Kh6
54. Qg2 Qf4+ 55. Ke2 Kg5 56. Qh1 Qxg4+ 57. Kd2 Nxc4+ 58. Bxc4 Qxc4 59. Qh7
Qxd5+ 60. Kc1 Qc4+ 61. Kd2 Qf4+ 62. Ke2 Qxf5 63. Qg7+ Qg6 64. Qd7 Rh8 65. Rxa4
Qc2+ 66. Ke3 Qc3+ 67. Kf2 Rh2+ 68. Kg1 Qg3+ 69. Kf1 0-1

[Event "International Championship of Central Se"]
[Site "Paracin, hotel "]
[Date "2016.07.12"]
[Round "6.18"]
[White "Olcum, Ahmet"]
[Black "Okuyaz, Duru"]
[Result "1-0"]
[WhiteElo "2083"]
[BlackElo "1844"]
[PlyCount "115"]
[EventDate "2016.07.07"]

1. e4 c5 2. Nc3 Nc6 3. g3 g6 4. Bg2 Bg7 5. d3 d6 6. Be3 e5 7. Nh3 Nge7 8. O-O
O-O 9. f4 Nd4 10. Qd2 f5 11. Kh1 Bd7 12. Rae1 Qc8 13. Nd5 Ndc6 14. Ng5 Nxd5 15.
exd5 Nd8 16. fxe5 dxe5 17. c4 a5 18. Qf2 b6 19. Bd2 h6 20. Nf3 Nf7 21. Bc3 Qc7
22. a3 a4 23. b4 axb3 24. Qb2 Rfe8 25. Qxb3 g5 26. g4 f4 27. h3 Qd6 28. Rf2 h5
29. Nh2 hxg4 30. hxg4 Qh6 31. Kg1 Qh4 32. Bb2 Nh6 33. Qxb6 Nxg4 34. Nxg4 Bxg4
35. Ref1 Rab8 36. Qg6 Bh5 37. Qf5 Qg3 38. d6 f3 39. Rxf3 Bxf3 40. Rxf3 Qe1+ 41.
Bf1 Rf8 42. Qe6+ Kh8 43. Rh3+ Qh4 44. Rxh4+ gxh4 45. Bxe5 Bxe5 46. Qxe5+ Kh7
47. Qh5+ Kg7 48. Qg5+ Kf7 49. Bg2 Ke6 50. Qe7+ Kf5 51. Bh3+ Kf4 52. Qe4+ Kg5
53. Qg4+ Kf6 54. Qxh4+ Ke5 55. Qe4+ Kf6 56. Qf5+ Kg7 57. Qe5+ Kh6 58. d7 1-0

[Event "International Championship of Central Se"]
[Site "Paracin, hotel "]
[Date "2016.07.12"]
[Round "6.19"]
[White "Gagic, Miroljub"]
[Black "Majstorovic, Dusan"]
[Result "0-1"]
[WhiteElo "1747"]
[BlackElo "2031"]
[PlyCount "130"]
[EventDate "2016.07.07"]

1. Nf3 Nf6 2. g3 b6 3. Bg2 Bb7 4. c4 e6 5. O-O c5 6. Nc3 Be7 7. d4 cxd4 8. Qxd4
O-O 9. Rd1 Nc6 10. Qf4 d6 11. e4 Qc8 12. b3 Rd8 13. Bb2 a6 14. Na4 Qc7 15. Rac1
Rab8 16. Nc3 Nd7 17. Nb5 axb5 18. cxb5 e5 19. Qe3 Nf6 20. bxc6 Bxc6 21. Nd2 Qb7
22. h3 Ra8 23. Ra1 Nd7 24. Nc4 Nc5 25. Re1 f5 26. Nd2 Rf8 27. Kh2 f4 28. Qe2 b5
29. g4 Ra7 30. f3 Rfa8 31. a3 Be8 32. Bf1 Rb8 33. b4 Na4 34. Nb3 Bf7 35. Na5
Qd7 36. Rac1 Rc7 37. Rxc7 Qxc7 38. Rc1 Qd7 39. Nc6 Rb7 40. Nxe7+ Qxe7 41. Ba1
h5 42. Qc2 hxg4 43. fxg4 Be8 44. Qc8 Kh7 45. Qc2 Nb6 46. Qf2 Nd7 47. Bd3 Nf8
48. h4 Ne6 49. g5 Bh5 50. Bc3 Qd7 51. Bd2 Nf8 52. Be1 Ne6 53. Bf1 Ra7 54. Rc3
Qb7 55. Bd3 f3 56. Bd2 Qd7 57. Qg3 Ra8 58. Bf1 Rf8 59. Be3 Qb7 60. Bd3 Nf4 61.
Bxf4 Rxf4 62. Rc2 Qa7 63. Bxb5 Qxa3 64. Bf1 Qxb4 65. Bh3 Qd4 0-1

[Event "International Championship of Central Se"]
[Site "Paracin, hotel "]
[Date "2016.07.12"]
[Round "6.20"]
[White "Zajic, Milun"]
[Black "Doncic, Dragoljub"]
[Result "1-0"]
[WhiteElo "2026"]
[BlackElo "1848"]
[PlyCount "59"]
[EventDate "2016.07.07"]

1. c4 c5 2. g3 g6 3. Bg2 Bg7 4. Nc3 Nc6 5. d3 Nf6 6. Bd2 d6 7. a3 O-O 8. Rb1
Bd7 9. b4 Rb8 10. Nf3 b6 11. O-O Qc8 12. Qc1 Nh5 13. Bh6 f6 14. Bd2 Bh3 15. Nd5
Bxg2 16. Kxg2 e6 17. Nc3 Bh8 18. Rd1 Ne7 19. Nb5 Qd7 20. bxc5 dxc5 21. Qc2 a6
22. Nc3 e5 23. Qa4 Qb7 24. Be3 Rfc8 25. Ne4 Qa8 26. Qd7 Kf8 27. Nd6 Rd8 28. Qe6
Rxd6 29. Qxd6 Kf7 30. Rxb6 1-0